Puertos y fortificaciones en América y Filipinas

Saved in:
Bibliografiske detaljer
Corporate Authors: Centro de Estudios y Experimentación de Obras Públicas (Author), Comisión de Estudios Históricos de Obras Públicas y Urbanismo (Author)
Format: Bog
Sprog:spansk
Udgivet: Madrid Centro de Estudios Históricos de Obras Públicas y Urbanismo 1985
Udgivelse:1a. ed
Serier:Biblioteca Cehopu
Fag:
Tags: Tilføj Tag
Ingen Tags, Vær først til at tagge denne postø!

MARC

LEADER 00000cam a2200000 a 4500
001 UCD4648
003 CL-VaPUC
008 160713e19850000sp |||||||||||||||||spa|d
020 |a 8450512115 
082 0 4 |a 980  |b CEN  |2 21 
110 2 |a Centro de Estudios y Experimentación de Obras Públicas  |e author  |9 588382 
710 2 |a Comisión de Estudios Históricos de Obras Públicas y Urbanismo  |e author  |9 588383 
245 1 0 |a Puertos y fortificaciones en América y Filipinas 
250 |a 1a. ed 
300 |a 465 p 
942 |c BK 
945 |d 20160713 20:53:00  |a arojas 
260 |a Madrid  |b Centro de Estudios Históricos de Obras Públicas y Urbanismo  |c 1985 
650 0 |a Puertos  |9 260105 
650 0 |a Fortificaciones  |9 323562 
651 0 |a América Latina   |9 255027 
651 0 |a Filipinas  |9 258491 
583 |a last modification  |c 20160713 20:53:00  |k Rodrigo Vera 
490 0 |a Biblioteca Cehopu 
999 |c 365519  |d 365517 
952 |0 0  |1 0  |3 erb  |4 0  |6 980_000000000000000_CEN_1985  |7 0  |8 A  |9 479401  |a FDOHBE  |b BIBHIS  |e Huesbe Llanos, Marco Antonio, 1934-  |i 5306191  |l 1  |o 980 CEN 1985  |p 5306191  |r 2024-01-30  |s 2023-06-22  |w 2019-11-24  |y BK  |z Catalogado en:20160713  |k HBE